书目信息 |
| 题名: |
战胜焦虑不拖延
|
|
| 作者: | 宋涛 著 | |
| 分册: | ||
| 出版信息: | 成都 四川人民出版社 2019.06 |
|
| 页数: | 118页 | |
| 开本: | 21cm | |
| 丛书名: | 宋涛老师心理学丛书系列 | |
| 单 册: | ||
| 中图分类: | B842.6 , B848.4 | |
| 科图分类: | ||
| 主题词: | 焦虑--jiao lu^--心理调节--通俗读物 , 成功心理--cheng gong xin li--通俗读物 | |
| 电子资源: | ||
| ISBN: | 978-7-220-11416-8 | |
| 000 | 01130nam 2200289 450 | |
| 001 | CAL 0120192808891 | |
| 005 | 20230217093113.0 | |
| 010 | @a978-7-220-11416-8@dCNY25.00 | |
| 100 | @a20190812d2019 em y0chiy0120 ea | |
| 101 | 0 | @achi |
| 102 | @aCN@b510000 | |
| 105 | @ay z 000yy | |
| 106 | @ar | |
| 200 | 1 | @a战胜焦虑不拖延@Azhan sheng jiao lu^ bu tuo yan@f宋涛著 |
| 210 | @a成都@c四川人民出版社@d2019.06 | |
| 215 | @a118页@d21cm | |
| 225 | 2 | @a宋涛老师心理学丛书系列@Asong tao lao shi xin li xue cong shu xi lie |
| 314 | @a宋涛, 国际心理咨询师。 | |
| 330 | @a本书汇集国外最新心理学研究成果和作者20年心理学教学成果而作, 通俗易懂地介绍了战胜焦虑症、纠正拖延症的一系列方法。如: 可将一件事分成若干阶段, 分期完成各阶段目标 ; 在众多想做的事中, 选择最重要的事来做 ; 通过合理饮食和体育锻炼减轻因拖延造成的焦虑、烦躁。 | |
| 410 | 0 | @12001 @a宋涛老师心理学丛书系列 |
| 606 | 0 | @a焦虑@Ajiao lu^@x心理调节@j通俗读物 |
| 606 | 0 | @a成功心理@Acheng gong xin li@j通俗读物 |
| 690 | @aB842.6@v5 | |
| 690 | @aB848.4@v5 | |
| 701 | 0 | @a宋涛@Asong tao@4著 |
| 801 | 0 | @aCN@bBJXHZP@c20230228 |
| 905 | @b1400044-7@dB842.6@e4658@f4 | |
| 战胜焦虑不拖延/宋涛著.-成都:四川人民出版社,2019.06 |
| 118页;21cm.-(宋涛老师心理学丛书系列) |
| ISBN 978-7-220-11416-8:CNY25.00 |
| 本书汇集国外最新心理学研究成果和作者20年心理学教学成果而作, 通俗易懂地介绍了战胜焦虑症、纠正拖延症的一系列方法。如: 可将一件事分成若干阶段, 分期完成各阶段目标 ; 在众多想做的事中, 选择最重要的事来做 ; 通过合理饮食和体育锻炼减轻因拖延造成的焦虑、烦躁。 |
| ● |
| 相关链接 |
|
|
|
|
正题名:战胜焦虑不拖延
索取号:B842.6/4658
 
预约/预借
| 序号 | 登录号 | 条形码 | 馆藏地/架位号 | 状态 | 备注 |
| 1 | 1400044 | 214000445 | 第一样本阅览室/ [索取号:B842.6/4658] | 在馆 | |
| 2 | 1400045 | 214000454 | 第一借阅区/ [索取号:B842.6/4658] | 在馆 | |
| 3 | 1400046 | 214000463 | 第一借阅区/ [索取号:B842.6/4658] | 在馆 | |
| 4 | 1400047 | 214000472 | 第一借阅区/ [索取号:B842.6/4658] | 在馆 |